Islam ki Rohani Qadrain: Moat Nahi, Zindagi (Record no. 324993)
[ view plain ]
| 000 -LEADER | |
|---|---|
| fixed length control field | 00316 a2200121 4500 |
| 001 - CONTROL NUMBER | |
| control field | 89920 |
| 082 ## - DEWEY DECIMAL CLASSIFICATION NUMBER | |
| Classification number | 297.4 HAN |
| 090 ## - LOCALLY ASSIGNED LC-TYPE CALL NUMBER (OCLC); LOCAL CALL NUMBER (RLIN) | |
| -- | 42381 |
| -- | 42381 |
| 100 ## - MAIN ENTRY--PERSONAL NAME | |
| Personal name | Hanif Raamey Muhammad |
| 245 ## - TITLE STATEMENT | |
| Title | Islam ki Rohani Qadrain: Moat Nahi, Zindagi |
| Medium | Urdu |
| 260 ## - PUBLICATION, DISTRIBUTION, ETC. | |
| Place of publication, distribution, etc. | Lahore |
| Name of publisher, distributor, etc. | Sang-e-meel Publications |
| Date of publication, distribution, etc. | 2006 |
| 300 ## - PHYSICAL DESCRIPTION | |
| Extent | 478p. |
| 942 ## - ADDED ENTRY ELEMENTS (KOHA) | |
| Institution code [OBSOLETE] | CAE NUST |
| Call number prefix | 297.4 HAN |
| Withdrawn status | Lost status | Damaged status | Not for loan | Collection code | Permanent Location | Current Location | Date acquired | Total Checkouts | Full call number | Barcode | Date last seen | Price effective from | Koha item type |
|---|---|---|---|---|---|---|---|---|---|---|---|---|---|
| College of Aeronautical Engineering (CAE) | College of Aeronautical Engineering (CAE) | 04/03/2017 | 297.4 HAN | CAE86536 | 04/05/2017 | 04/05/2017 | Book |
